| 000 | 00820cam a2200193 i 4500 | ||
|---|---|---|---|
| 005 | 20260128095522.0 | ||
| 008 | 250721s2001 jo gr 000 0 ara d | ||
| 082 | 1 | 4 |
_a364.36 _bش ن ا |
| 100 | 1 |
_aشناق، عبد الحفيظ محمد حمد _eمؤلف. |
|
| 245 | 1 | 0 |
_aظاهرة جناح الأحداث في الأردن : _bدراسة ذات طابع شمولي وصفية تجريبية / _cالدكتور عبدالحفيظ محمد حمد شناق. |
| 250 | _aالطبعة الأولى. | ||
| 264 | 3 | 1 |
_aعمان : _bالمركز العربي للخدمات الطلابية، _c2001. |
| 300 | _a378 صفحة. | ||
| 650 | 1 | 7 | _aالأطفال. |
| 650 | 1 | 7 | _aالنتنشئة الإجتماعية. |
| 650 | 1 | 7 | _aالنظرية الفلسفية. |
| 942 |
_2ddc _cBK |
||
| 999 |
_c35704 _d35704 |
||